Torschützenliste der La Liga 2010-2011 - Statistiken

Allgemein
  • Dieses Quiz wurde 34 mal gespielt
  • Das Durchschnittsergebnis liegt bei 5 aus 10
Antwortstatistiken
Tore Nationalität Verein Spieler % Korrekt
41⁠ Portugal Real Madrid Cristiano Ronaldo
100%
31 Argentinien FC Barcelona Lionel Messi
100%
15 Frankreich Real Madrid Karim Benzema
79%
18 Spanien FC Barcelona David Villa
64%
20 Argentinien Atlético Madrid Sergio Agüero
61%
20 Spanien FC Sevilla Álvaro Negredo
18%
18 Spanien Athletic Bilbao Fernando Llorente
18%
18 Italien FC Villarreal Giuseppe Rossi
15%
14 Venezuela FC Málaga Salomón Rondón
15%
18 Spanien FC Valencia Roberto Soldado
9%
Keine übereinstimmenden Quizze gefunden
Verteilung der Resultate
Anzahl Personen mit jedem Resultat
Perzentil nach korrekt beantworteten Fragen
Ihre Resultats-Entwicklung
Sie haben dieses Quiz noch nicht gespielt